Statistics for Millions, Billions or Trillions?

Click here to take the quiz!

General Stats

  • This quiz has been taken 2,931 times
  • The average score is 12 of 16

Answer Stats

HintAnswer% Correct
There are about 8 _____ people on EarthBillion
93%
TV game show: Who Wants to Be a _____aire?Million
91%
The highest grossing movie made almost 3 ____ dollars worldwideBillion
87%
About 900 ____ quizzes have been taken on JetPunkMillion
86%
The Earth is estimated to be around 4.5 _____ years oldBillion
83%
The Harry Potter book series have sold around 600 _____ copiesMillion
81%
The most-watched YouTube video has around 15 _____ viewsBillion
81%
U.S. lottery game: Mega _____sMillion
80%
The U.S. National Debt is roughly 35 _____Trillion
79%
Apple is worth around 3 _____ dollarsTrillion
67%
32 years is about 1 ______ secondsBillion
64%
TV Drama starring Paul Giamatti: _____sBillion
62%
There are about 3 _____ trees on EarthTrillion
56%
About 64 _____ Moons could fit inside our SunMillion
54%
There are an estimated 100 _____ atoms in the average human cellTrillion
53%
The number π has been computed to 105 _____ decimal digitsTrillion
48%

Score Distribution

Percentile by Number Answered

Percent of People with Each Score

Your Score History

You have not taken this quiz